Handbook of financial intermediation and banking-(E-BOOK) (Record no. 192962)

000 -LEADER
fixed length control field 00852 a2200265 4500
003 - CONTROL NUMBER IDENTIFIER
control field Nust
005 - DATE AND TIME OF LATEST TRANSACTION
control field 20170207154048.0
010 ## - LIBRARY OF CONGRESS CONTROL NUMBER
LC control number 2008012456
020 ## - INTERNATIONAL STANDARD BOOK NUMBER
International Standard Book Number 0444515585 (hbk.)
020 ## - INTERNATIONAL STANDARD BOOK NUMBER
International Standard Book Number 9780444515582 (hbk.)
035 ## - SYSTEM CONTROL NUMBER
System control number (OCoLC)214065289
035 ## - SYSTEM CONTROL NUMBER
System control number (OCoLC)ocn214065289
040 ## - CATALOGING SOURCE
Transcribing agency Nust
082 00 - DEWEY DECIMAL CLASSIFICATION NUMBER
Classification number 332.1
245 00 - TITLE STATEMENT
Title Handbook of financial intermediation and banking-(E-BOOK)
Statement of responsibility, etc. edited by Anjan V. Thakor, Arnoud W.A. Boot.
260 ## - PUBLICATION, DISTRIBUTION, ETC.
Place of publication, distribution, etc. Amsterdam ;
-- Boston :
Name of publisher, distributor, etc. North-Holland/Elsevier,
Date of publication, distribution, etc. c2008.
300 ## - PHYSICAL DESCRIPTION
Extent xxv, 577 p. :
Other physical details ill. ;
Dimensions 25 cm.
440 #0 - SERIES STATEMENT/ADDED ENTRY--TITLE
Title Handbooks in finance
650 #0 - SUBJECT ADDED ENTRY--TOPICAL TERM
Topical term or geographic name entry element Banks and banking.
650 #0 - SUBJECT ADDED ENTRY--TOPICAL TERM
Topical term or geographic name entry element Intermediation (Finance)
651 ## - SUBJECT ADDED ENTRY--GEOGRAPHIC NAME
Geographic name E-BOOK
700 1# - ADDED ENTRY--PERSONAL NAME
Personal name Boot, Arnoud W. A.
Dates associated with a name 1960-
700 1# - ADDED ENTRY--PERSONAL NAME
Personal name Thakor, Anjan V.
856 41 - ELECTRONIC LOCATION AND ACCESS
Materials specified Table of contents only
Uniform Resource Identifier <a href="http://www.loc.gov/catdir/toc/ecip0814/2008012456.html">http://www.loc.gov/catdir/toc/ecip0814/2008012456.html</a>
942 ## - ADDED ENTRY ELEMENTS (KOHA)
Source of classification or shelving scheme
Koha item type Book
Holdings
Withdrawn status Lost status Source of classification or shelving scheme Damaged status Not for loan Collection code Permanent Location Current Location Date acquired Total Checkouts Full call number Barcode Date last seen Price effective from Koha item type
            Military College of Signals (MCS) Military College of Signals (MCS) 12/12/2016   332.1 THA MCSEB-2628 12/08/2016 12/12/2016 Book
© 2023 Central Library, National University of Sciences and Technology. All Rights Reserved.